In the rose garden of the martyrs : (Record no. 1078)

000 -LEADER
fixed length control field 01388nam a22003857a 4500
001 - CONTROL NUMBER
control field 13729562
003 - CONTROL NUMBER IDENTIFIER
control field OSt
005 - DATE AND TIME OF LATEST TRANSACTION
control field 20210426125440.0
008 - FIXED-LENGTH DATA ELEMENTS--GENERAL INFORMATION
fixed length control field 040924r20052004nyub b 000 0 eng
010 ## - LIBRARY OF CONGRESS CONTROL NUMBER
LC control number 2004059655
020 ## - INTERNATIONAL STANDARD BOOK NUMBER
International Standard Book Number 0066209803 (hc : acidfree paper)
035 ## - SYSTEM CONTROL NUMBER
System control number (OCoLC)ocm56809552
040 ## - CATALOGING SOURCE
Original cataloging agency DLC
Transcribing agency DLC
Modifying agency YDX
-- DLC
042 ## - AUTHENTICATION CODE
Authentication code pcc
043 ## - GEOGRAPHIC AREA CODE
Geographic area code a-ir---
050 00 - LIBRARY OF CONGRESS CALL NUMBER
Classification number DS259.2
Item number .D43 2005
080 ## - UNIVERSAL DECIMAL CLASSIFICATION NUMBER
Universal Decimal Classification number 94
Item number B-41
082 00 - DEWEY DECIMAL CLASSIFICATION NUMBER
Classification number 955.05/42
Edition number 22
100 1# - MAIN ENTRY--PERSONAL NAME
Personal name De Bellaigue, Christopher,
Dates associated with a name 1971-
245 10 - TITLE STATEMENT
Title In the rose garden of the martyrs :
Remainder of title a memoir of Iran /
Statement of responsibility, etc. Christopher de Bellaigue.
250 ## - EDITION STATEMENT
Edition statement 1st U.S. ed.
260 ## - PUBLICATION, DISTRIBUTION, ETC.
Place of publication, distribution, etc. New York :
Name of publisher, distributor, etc. HarperCollins,
Date of publication, distribution, etc. 2005.
300 ## - PHYSICAL DESCRIPTION
Extent xii, 283 p. :
Other physical details map ;
Dimensions 24 cm.
365 ## - TRADE PRICE
Price type code 26.95 USD
500 ## - GENERAL NOTE
General note Originally published: London : HarperCollins, 2004.
504 ## - BIBLIOGRAPHY, ETC. NOTE
Bibliography, etc. note Includes bibliographical references (p. 281-283).
600 10 - SUBJECT ADDED ENTRY--PERSONAL NAME
Personal name De Bellaigue, Christopher,
Dates associated with a name 1971-
General subdivision Travel
Geographic subdivision Iran.
651 #0 - SUBJECT ADDED ENTRY--GEOGRAPHIC NAME
Geographic name Iran
General subdivision Description and travel.
651 #0 - SUBJECT ADDED ENTRY--GEOGRAPHIC NAME
Geographic name Iran
General subdivision Social life and customs
Chronological subdivision 20th century.
653 ## - INDEX TERM--UNCONTROLLED
Uncontrolled term ბიოგრაფია
906 ## - LOCAL DATA ELEMENT F, LDF (RLIN)
a 7
b cbc
c orignew
d 1
e ocip
f 20
g y-gencatlg
942 ## - ADDED ENTRY ELEMENTS (KOHA)
Source of classification or shelving scheme
Koha item type Books
Holdings
Withdrawn status Lost status Source of classification or shelving scheme Damaged status Not for loan Permanent location Current location Date acquired Inventory number Full call number Barcode Date last seen Price effective from Koha item type
          Ken Walker International University Ken Walker International University 02/01/2021 568 94 B-41 568 02/01/2021 02/01/2021 Books

Powered by Koha